| 000 | 00348nam a2200121Ia 4500 | ||
|---|---|---|---|
| 008 | 210430s9999 xx 000 0 und d | ||
| 082 | _a620.14 F528 D | ||
| 100 |
_aD.J.Fisher _952109 |
||
| 245 |
_aDefects and Diffusion in Ceramics VI _cD.J.Fisher |
||
| 260 |
_aSwitzerland _bTrans Tech Publications Ltd _c2004 |
||
| 300 | _a500p. | ||
| 942 |
_cBK _2ddc |
||
| 999 |
_c562864 _d562864 |
||